| 000 | nam a22 7a 4500 | ||
|---|---|---|---|
| 999 |
_c128489 _d128489 |
||
| 008 | 181102b xxu||||| |||| 00| 0 eng d | ||
| 050 |
_aBX2170.S5 _bT882 |
||
| 100 |
_aTshikendwa matadi, Ghislain _943245 |
||
| 245 |
_aDe l'absurdite de la souffrance a l'esperance _bune lecture du livre de job en temps de VIH?SIDA _cGhislain Tshikendwa Matadi |
||
| 260 |
_aKinshasa _bMediaspaul _c2005 |
||
| 300 |
_a254p. ; _c21cm. |
||
| 650 |
_aChurch work with the sick _918717 |
||
| 942 |
_2lcc _cMONOGRAPH |
||